| 000 | 00500pab a2200193 454500 | ||
|---|---|---|---|
| 008 | 180718b2008 xxu||||| |||| 00| 0 eng d | ||
| 100 | _aSingh, Shanta | ||
| 245 | _aPrison inmate awareness of HIV and AIDS in Durban, South Africa | ||
| 260 | _c2008 | ||
| 300 | _ap.193-210. | ||
| 362 | _aMay-Aug | ||
| 650 | _aPrisoners - South Africa | ||
| 650 | _aHIV - South Africa | ||
| 650 | _aAIDS - South Africa | ||
| 650 | _aAIDS | ||
| 773 | _aSociological Bulletin | ||
| 908 | _aN | ||
| 909 | _a80652 | ||
| 999 |
_c80652 _d80652 |
||